Anafartalar kartalı Mustafa Kemal (Record no. 248)

MARC details
000 -BAŞLIK
Sabit Uzunlukta Kontrol Alanı 00844na a2200277 4500
001 - KONTROL NUMARASI
Denetim Alanı 14027
003 - KONTROL NUMARASI IDENTIFIER
Denetim Alanı MIRAKIL
005 - SON İŞLEM TARİHİ VE ZAMANI
Denetim Alanı 20181213154740.0
008 - SABİT-BOY VERİ ELEMANLARI - GENEL BİLGİLER
Sabit Uzunlukta Kontrol Alanı 160823b tu 000 0
020 ## - ULUSLARARASI STANDART KİTAP NUMARASI
Uluslararası Standart Kitap Numarası 9786055493103
035 ## - SİSTEM KONTROL NUMARASI
Sistem Kontrol Numarası 14027
040 ## - KATALOGLAMA KAYNAK
Orijinal Kataloglama Ajansı Milas
Kataloglama Dili tur
Metne Dönüştürmek Ajansı TR-AnCHP
082 ## - DEWEY ONLU SINIFLANDIRMA NUMARASI
Sınıflandırma Numarası 741.5
Ürün Numarası A67a
090 ## - SINIFLAMA NUMARASI
Sınıflama Numarası 741.5 A67a [t.y.]
100 ## - ANA GİRİŞ - KİŞİSEL İSİM
Kişisel Ad Arslan, Osman
245 ## - BAŞLIK TABLOSU
Başlık Anafartalar kartalı Mustafa Kemal
Başlığın Kalan o komutan benim
Sorumluluk Tablosu, Vb öykü: Osman Arslan ; çizen: Şeref Manun
246 ## - UNVAN FORM VARYING
Başlık Doğru / Kısa Başlığı o komutan benim
250 ## - EDITION TABLOSU
Baskı Beyanı 5. bs.
260 ## - YAYIN, DAĞITIM, VB
Yayın, Dağıtım, Vb Yeri İstanbul
Yayıncı, Dağıtıcı, Vs Adı 2023 Yayıncılık
Yayın, Dağıtım, Vb Tarihi [t. y.]
300 ## - FİZİKSEL TANIM
Kapsam 24 s.
Diğer Fiziksel Ayrıntıları rnk. res.
Boyutlar 24 sm.
490 ## - SERİSİ TABLOSU
Seri Beyanı Türk tarihi gerçek öyküler çizgi romanları
-- Çanakkale destanı
Hacim / Ardışık Tanımı 1 - 10
-- 9
600 ## - KONU KATMA GİRİŞ - KURUMSAL ADI
Kişisel Ad Atatürk, Mustafa Kemal
650 ## - KONU KATMA GİRİŞ - TOPİKAL DÖNEM
Topikal Süreli Veya Coğrafi Ad Giriş Elemanı Çizgi Roman
Genel Alt Bölümü Türk
700 ## - KATMA GİRİŞ - KİŞİSEL İSİM
Kişisel Ad Manun, Şeref
942 ## - EKLENDİ GİRİŞ ELEMANLARI (KOHA)
Sınıflandırma Veya Raf Düzeni Kaynak Dewey Decimal Classification
Koha Öğesi Türü Books
999 ## - SİSTEM KONTROL NUMARALARI (KOHA)
Koha Biblionumber 248
Koha Biblioitemnumber 248
Holdings
Kalıcı Konum Mevcut Konum Edinme Tarihi Edinim Kaynak Toplam Check-Out'Lar Tam Çağrı Numarası Barkod Tarih Son Görülme İtibaren Geçerli Fiyatlar Koha Öğesi Türü
CHP Kütüphanesi CHP Kütüphanesi 08/23/2016 Bağış   741.5 A67a [t.y.] 001393 08/23/2016 08/23/2016 Books